A field guide to forest trees of northern Thailand
Đã lưu trong:
| Príomhúdar: | |
|---|---|
| Formáid: | Leabhar |
| Teanga: | Undetermined |
| Foilsithe: |
Bankok
Kobfai Publishing
2000
|
| Ábhair: | |
| Clibeanna: |
Cuir Clib Leis
Gan Chlibeanna, Bí ar an gcéad duine leis an taifead seo a chlibeáil!
|
| Thư viện lưu trữ: | Trung tâm Học liệu Trường Đại học Cần Thơ |
|---|
| LEADER | 00561nam a2200181Ia 4500 | ||
|---|---|---|---|
| 001 | CTU_168044 | ||
| 008 | 210402s9999 xx 000 0 und d | ||
| 082 | |a 582.16 | ||
| 082 | |b G226 | ||
| 100 | |a Gardner, Simon | ||
| 245 | 2 | |a A field guide to forest trees of northern Thailand | |
| 245 | 0 | |c Simon Gardner, Pindar Sidisunthorn, Vilaiwan Anusarnsunthorn | |
| 260 | |a Bankok | ||
| 260 | |b Kobfai Publishing | ||
| 260 | |c 2000 | ||
| 650 | |a Forests and forestry,Lâm nghiệp | ||
| 910 | |a Nguyên | ||
| 980 | |a Trung tâm Học liệu Trường Đại học Cần Thơ | ||